<?xml version="1.0" encoding="UTF-8"?>
<collection xmlns="http://www.loc.gov/MARC21/slim">
 <record>
  <leader>03012nam a22003257a 4500</leader>
  <controlfield tag="001">NCT_39864</controlfield>
  <controlfield tag="008">180608b        xxu||||| |||| 00| 0 vie d</controlfield>
  <datafield tag="999" ind1=" " ind2=" ">
   <subfield code="c">1922</subfield>
   <subfield code="d">1922</subfield>
  </datafield>
  <datafield tag="020" ind1=" " ind2=" ">
   <subfield code="a">9786049221996</subfield>
   <subfield code="c">106000</subfield>
  </datafield>
  <datafield tag="082" ind1="0" ind2="4">
   <subfield code="2">23rd ed.</subfield>
   <subfield code="a">658.151</subfield>
   <subfield code="b">Q507</subfield>
  </datafield>
  <datafield tag="100" ind1="1" ind2=" ">
   <subfield code="a">Đoàn Ngọc Quế</subfield>
   <subfield code="e">Chủ biên</subfield>
  </datafield>
  <datafield tag="245" ind1="1" ind2="0">
   <subfield code="a">Kế toán quản trị</subfield>
   <subfield code="c">Đoàn Ngọc Quế (chủ biên) ; Đào Tất Thắng, Lê Đình Trực</subfield>
  </datafield>
  <datafield tag="260" ind1=" " ind2=" ">
   <subfield code="a">TP Hồ Chí Minh</subfield>
   <subfield code="b">Kinh tế TP Hồ Chí Minh</subfield>
   <subfield code="c">2015</subfield>
  </datafield>
  <datafield tag="300" ind1=" " ind2=" ">
   <subfield code="a">339 tr.</subfield>
   <subfield code="b">Minh họa</subfield>
   <subfield code="c">24cm</subfield>
  </datafield>
  <datafield tag="500" ind1=" " ind2=" ">
   <subfield code="a">ĐTTS ghi: Trường Đại học Kinh tế TP. Hồ Chí Minh. Khoa Kế toán - Kiểm toán. Bộ môn Kế toán quản trị - phân tích hoạt động kinh doanh</subfield>
  </datafield>
  <datafield tag="520" ind1=" " ind2=" ">
   <subfield code="a">Cuốn sách KẾ TOÁN QUẢN TRỊ được xuất bản nhằm đáp ứng yêu cầu đổi mới của chương trình đào tạo và góp phần hoàn thiện hệ thống công cụ quản lý phù hợp với yêu cầu hội nhập quốc tế của nền kinh tế. nội dung sách được biên soạn đáp ứng nhu cầu học tập của các sinh viên ngành kế toán và các ngành kinh tế, dùng làm tài liệu nghiên cứu, vận dụng vào thực tiễn quản lý của các nhà quản trị trong các doanh nghiệp.</subfield>
  </datafield>
  <datafield tag="653" ind1=" " ind2=" ">
   <subfield code="a">Kế toán</subfield>
  </datafield>
  <datafield tag="700" ind1="1" ind2=" ">
   <subfield code="a">Đào Tât Thắng</subfield>
  </datafield>
  <datafield tag="700" ind1="1" ind2=" ">
   <subfield code="a">Lê Đình Trực</subfield>
  </datafield>
  <datafield tag="942" ind1=" " ind2=" ">
   <subfield code="2">ddc</subfield>
   <subfield code="c">BK</subfield>
  </datafield>
  <datafield tag="952" ind1=" " ind2=" ">
   <subfield code="0">0</subfield>
   <subfield code="1">0</subfield>
   <subfield code="2">ddc</subfield>
   <subfield code="4">0</subfield>
   <subfield code="6">658_151000000000000_Q507</subfield>
   <subfield code="7">0</subfield>
   <subfield code="9">9962</subfield>
   <subfield code="a">000001</subfield>
   <subfield code="b">000001</subfield>
   <subfield code="d">2018-06-08</subfield>
   <subfield code="o">658.151 Q507</subfield>
   <subfield code="p">MD.07581</subfield>
   <subfield code="r">2018-06-08</subfield>
   <subfield code="v">106000.00</subfield>
   <subfield code="w">2018-06-08</subfield>
   <subfield code="y">BK</subfield>
  </datafield>
  <datafield tag="952" ind1=" " ind2=" ">
   <subfield code="0">0</subfield>
   <subfield code="1">0</subfield>
   <subfield code="2">ddc</subfield>
   <subfield code="4">0</subfield>
   <subfield code="6">658_151000000000000_Q507</subfield>
   <subfield code="7">0</subfield>
   <subfield code="9">9963</subfield>
   <subfield code="a">000001</subfield>
   <subfield code="b">000001</subfield>
   <subfield code="d">2018-06-08</subfield>
   <subfield code="o">658.151 Q507</subfield>
   <subfield code="p">MD.07582</subfield>
   <subfield code="r">2018-06-08</subfield>
   <subfield code="v">106000.00</subfield>
   <subfield code="w">2018-06-08</subfield>
   <subfield code="y">BK</subfield>
  </datafield>
  <datafield tag="952" ind1=" " ind2=" ">
   <subfield code="0">0</subfield>
   <subfield code="1">0</subfield>
   <subfield code="2">ddc</subfield>
   <subfield code="4">0</subfield>
   <subfield code="6">658_151000000000000_Q507</subfield>
   <subfield code="7">0</subfield>
   <subfield code="9">9964</subfield>
   <subfield code="a">000001</subfield>
   <subfield code="b">000001</subfield>
   <subfield code="d">2018-06-08</subfield>
   <subfield code="o">658.151 Q507</subfield>
   <subfield code="p">MD.07583</subfield>
   <subfield code="r">2018-06-08</subfield>
   <subfield code="v">106000.00</subfield>
   <subfield code="w">2018-06-08</subfield>
   <subfield code="y">BK</subfield>
  </datafield>
  <datafield tag="952" ind1=" " ind2=" ">
   <subfield code="0">0</subfield>
   <subfield code="1">0</subfield>
   <subfield code="2">ddc</subfield>
   <subfield code="4">0</subfield>
   <subfield code="6">658_151000000000000_Q507</subfield>
   <subfield code="7">0</subfield>
   <subfield code="9">9965</subfield>
   <subfield code="a">000001</subfield>
   <subfield code="b">000001</subfield>
   <subfield code="d">2018-06-08</subfield>
   <subfield code="o">658.151 Q507</subfield>
   <subfield code="p">MD.07584</subfield>
   <subfield code="r">2018-06-08</subfield>
   <subfield code="v">106000.00</subfield>
   <subfield code="w">2018-06-08</subfield>
   <subfield code="y">BK</subfield>
  </datafield>
  <datafield tag="952" ind1=" " ind2=" ">
   <subfield code="0">0</subfield>
   <subfield code="1">0</subfield>
   <subfield code="2">ddc</subfield>
   <subfield code="4">0</subfield>
   <subfield code="6">658_151000000000000_Q507</subfield>
   <subfield code="7">0</subfield>
   <subfield code="9">9966</subfield>
   <subfield code="a">000001</subfield>
   <subfield code="b">000001</subfield>
   <subfield code="d">2018-06-08</subfield>
   <subfield code="o">658.151 Q507</subfield>
   <subfield code="p">MD.07585</subfield>
   <subfield code="r">2018-06-08</subfield>
   <subfield code="v">106000.00</subfield>
   <subfield code="w">2018-06-08</subfield>
   <subfield code="y">BK</subfield>
  </datafield>
  <datafield tag="952" ind1=" " ind2=" ">
   <subfield code="0">0</subfield>
   <subfield code="1">0</subfield>
   <subfield code="2">ddc</subfield>
   <subfield code="4">0</subfield>
   <subfield code="6">658_151000000000000_Q507</subfield>
   <subfield code="7">0</subfield>
   <subfield code="9">9967</subfield>
   <subfield code="a">000001</subfield>
   <subfield code="b">000001</subfield>
   <subfield code="d">2018-06-08</subfield>
   <subfield code="o">658.151 Q507</subfield>
   <subfield code="p">MD.07586</subfield>
   <subfield code="r">2018-06-08</subfield>
   <subfield code="v">106000.00</subfield>
   <subfield code="w">2018-06-08</subfield>
   <subfield code="y">BK</subfield>
  </datafield>
  <datafield tag="952" ind1=" " ind2=" ">
   <subfield code="0">0</subfield>
   <subfield code="1">0</subfield>
   <subfield code="2">ddc</subfield>
   <subfield code="4">0</subfield>
   <subfield code="6">658_151000000000000_Q507</subfield>
   <subfield code="7">0</subfield>
   <subfield code="9">9968</subfield>
   <subfield code="a">000001</subfield>
   <subfield code="b">000001</subfield>
   <subfield code="d">2018-06-08</subfield>
   <subfield code="o">658.151 Q507</subfield>
   <subfield code="p">MD.07587</subfield>
   <subfield code="r">2018-06-08</subfield>
   <subfield code="v">106000.00</subfield>
   <subfield code="w">2018-06-08</subfield>
   <subfield code="y">BK</subfield>
  </datafield>
  <datafield tag="952" ind1=" " ind2=" ">
   <subfield code="0">0</subfield>
   <subfield code="1">0</subfield>
   <subfield code="2">ddc</subfield>
   <subfield code="4">0</subfield>
   <subfield code="6">658_151000000000000_Q507</subfield>
   <subfield code="7">0</subfield>
   <subfield code="9">9969</subfield>
   <subfield code="a">000001</subfield>
   <subfield code="b">000001</subfield>
   <subfield code="d">2018-06-08</subfield>
   <subfield code="o">658.151 Q507</subfield>
   <subfield code="p">MD.07588</subfield>
   <subfield code="r">2018-06-08</subfield>
   <subfield code="v">106000.00</subfield>
   <subfield code="w">2018-06-08</subfield>
   <subfield code="y">BK</subfield>
  </datafield>
  <datafield tag="952" ind1=" " ind2=" ">
   <subfield code="0">0</subfield>
   <subfield code="1">0</subfield>
   <subfield code="2">ddc</subfield>
   <subfield code="4">0</subfield>
   <subfield code="6">658_151000000000000_Q507</subfield>
   <subfield code="7">0</subfield>
   <subfield code="9">9970</subfield>
   <subfield code="a">000001</subfield>
   <subfield code="b">000001</subfield>
   <subfield code="d">2018-06-08</subfield>
   <subfield code="l">2</subfield>
   <subfield code="o">658.151 Q507</subfield>
   <subfield code="p">MD.07589</subfield>
   <subfield code="r">2018-09-24</subfield>
   <subfield code="s">2018-09-15</subfield>
   <subfield code="v">106000.00</subfield>
   <subfield code="w">2018-06-08</subfield>
   <subfield code="y">BK</subfield>
  </datafield>
  <datafield tag="980" ind1=" " ind2=" ">
   <subfield code="a">Thư viện Trường Đại học Nam Cần Thơ</subfield>
  </datafield>
 </record>
</collection>
